000 00739nam a2200265Ia 4500
005 20260121170346.0
008 008 260114s9999 xx 000 0 eng d
020 _a9783319577777
037 _aEBOOK
040 _aCRL
040 _beng
040 _cCRL
041 _2eng
041 _aeng
084 _qCRL
100 _aKyoji Sassa, Binod Tiwari, Ko-Fei Liu, Mauri McSaveney, Alexander Strom, Hendy Setiawan
_91062912
245 0 _aLandslide Dynamics: ISDR-ICL Landslide Interactive Teaching Tools
260 _bSpringer
260 _bSpringer
260 _c2018
856 _uhttps://link.springer.com/openurl?genre=book&isbn=978-3-319-57777-7
942 _cEBOOK
999 _c1628641
_d1628641